000
00292 a2200121 4500
005
20260316142235.0
020
_a
9788119415601
100
_a
BHANDARI, M.K.
245
_a
LAW RELATING TO INTELLECTUAL PROPERTY RIGHTS
250
_a
7th
260
_b
CENTRAL LAW, PRAYAGRAJ
_c
2024
942
_c
BK
999
_c
224089
_d
224089